=LDR 00000nam 2200000 4500 =001 INLIS000000000061384 =005 20221012075049 =035 ##$$a 0010-1022000125 =007 ta =008 221012###########################0#ind## =020 ##$$a 978-979-97519-5-9 =082 ##$$a 519.54 =084 ##$$a 519.54 War s =100 #$$a Wargono Adisoewignyo =245 1#$$a Statistik Inferensi : $b Ekonomi Dan Bisnis /$c Wargono Adisoewignyo =260 ##$$a Mataram :$b Mataram University Press,$c 2008 =300 ##$$a 572 halaman : $b ilustrasi ; $c 21 cm =650 #4$$a Statistik Inferensi =990 ##$$a 24202420